Mathematique : exercices et problemes resolus
Αποθηκεύτηκε σε:
| Κύριος συγγραφέας: | |
|---|---|
| Μορφή: | Βιβλίο |
| Γλώσσα: | French |
| Δημοσίευση: |
Paris :
Fernand Nathan Editeur,
c1976
|
| Σειρά: | Collection Queysanne-Revuz
|
| Θέματα: | |
| Ετικέτες: |
Προσθήκη ετικέτας
Δεν υπάρχουν, Καταχωρήστε ετικέτα πρώτοι!
|
MARC
| LEADER | 00000cam a2200000 i 4500 | ||
|---|---|---|---|
| 001 | 1/5660 | ||
| 008 | 100312s1976 fre d | ||
| 035 | |l 10107242 | ||
| 040 | |a GR-MY-UA |b gre |e aacr | ||
| 041 | 0 | |a fre | |
| 082 | 0 | |a 510.76 |2 (22) | |
| 100 | 1 | |a Gourion, Marc. | |
| 245 | 1 | 0 | |a Mathematique : |b exercices et problemes resolus / |c Marc Gourion |
| 260 | |a Paris : |b Fernand Nathan Editeur, |c c1976 | ||
| 300 | |a 283 σ.; |c 24 εκ. | ||
| 490 | 1 | |a Collection Queysanne-Revuz | |
| 500 | |a Term. C et E | ||
| 505 | 0 | |a Nombres - Analyse cinematique | |
| 650 | 0 | 0 | |a Mathematics |x Problems, exercises, etc. |
| 740 | 0 | 2 | |a Nombres - Analyse cinematique |
| 830 | 0 | |a Collection Queysanne-Revuz | |
| 852 | |a INST |b SAMOS |c MAG |e 20100312 |h 510.76 GOU |p 005300032176 |q 005300032176 |t BK |v τ.1: |y 0 |z τ.1 | ||
| 853 | |a INST |b SAMOS |c MAG |h 510.76 GOU | ||
| 901 | |a BIBL3-2010-1 | ||
| 909 | |a Σ |b 162023 | ||
| 970 | |a ΡΟΥΣΣΟΥ |b ΚΩΝΣΤΑΝΤΙΝΑ |z 2010/03/11 | ||